[Event "Memorial Di Vincenzi A"]
[Site "Firenze ITA"]
[Date "2002.11.16"]
[Round "1"]
[White "Casarosa, Michele"]
[Black "Tagliagambe, Stefano"]
[Result "1-0"]
[WhiteElo "1756"]
[BlackElo "1828"]
[PlyCount "66"]
[EventDate "2002.11.16"]

1. e4 c5 2. Nf3 e6 3. d4 cxd4 4. Nxd4 a6 5. Nc3 Nc6 6. Be2 Nge7 7. Be3 Nxd4 8.
Bxd4 Nc6 9. Be3 b5 10. O-O Bb7 11. f4 Be7 12. Bf3 Rc8 13. Qe2 O-O 14. Rad1 Na5
15. e5 Bxf3 16. Rxf3 Nc4 17. Bc1 Qc7 18. Rdd3 Rfd8 19. Rh3 g6 20. Rdg3 Kh8 21.
b3 Qc5+ 22. Kh1 Nb6 23. f5 exf5 24. Bb2 Bf8 25. e6 Bg7 26. exf7 Rc6 27. Re3 Rf8
28. Re8 Rc8 29. Rhe3 b4 30. Rxc8 Rxc8 31. Re8+ Qf8 32. Rxf8+ Rxf8 33. Qe8 h5
1-0

[Event "XLV Torneo di Capodanno"]
[Site "Reggio nell'Emilia ITA"]
[Date "2002.12.29"]
[Round "1"]
[White "Cebalo, Miso"]
[Black "Mrdja, Milan"]
[Result "1/2-1/2"]
[WhiteElo "2544"]
[BlackElo "2368"]
[PlyCount "83"]
[EventDate "2002.12.29"]

1. d4 Nf6 2. c4 c5 3. d5 e6 4. Nc3 exd5 5. cxd5 d6 6. e4 g6 7. f4 Bg7 8. Nf3
O-O 9. Be2 Bg4 10. O-O Nbd7 11. Re1 Re8 12. h3 Bxf3 13. Bxf3 Qa5 14. Be3 Nb6
15. Bf2 Nfd7 16. Qc2 Nc4 17. Rac1 a6 18. Bg4 Qd8 19. a4 Rb8 20. b3 Na5 21. Na2
b5 22. b4 Nc4 23. axb5 axb5 24. bxc5 Nxc5 25. Nb4 Qf6 26. Nc6 Qxf4 27. g3 Qg5
28. Nxb8 Rxb8 29. Kh2 h5 30. Be2 Be5 31. Rg1 Ne3 32. Qb1 h4 33. Bf3 hxg3+ 34.
Bxg3 Kg7 35. Rce1 Rh8 36. Qc1 Bf4 37. Qa1+ Kg8 38. Qa8+ Kg7 39. Qa1+ Kg8 40.
Qa8+ Kh7 41. Qa7 Kg8 42. Qa8+ 1/2-1/2

[Event "XLV Torneo di Capodanno"]
[Site "Reggio nell'Emilia ITA"]
[Date "2002.12.29"]
[Round "1"]
[White "Palac, Mladen"]
[Black "Castaldo, Folco"]
[Result "1-0"]
[WhiteElo "2568"]
[BlackElo "2338"]
[PlyCount "61"]
[EventDate "2002.12.29"]

1. e4 e6 2. d4 d5 3. Nc3 Nc6 4. Be3 Nf6 5. e5 Nd7 6. f4 Nb6 7. a3 Ne7 8. Bf2 a5
9. Nf3 Bd7 10. Bd3 Ng6 11. Ne2 Bc6 12. g4 Qd7 13. f5 Ne7 14. Nf4 exf5 15. gxf5
O-O-O 16. e6 fxe6 17. Nxe6 Nc4 18. Nxd8 Nxb2 19. Qe2 Nxd3+ 20. Qxd3 Bb5 21. Qb3
Kxd8 22. Ne5 Qe8 23. Bh4 Kc8 24. Bxe7 Bxe7 25. Qxd5 Bh4+ 26. Kd2 Bg5+ 27. Kc3
Kb8 28. Rhe1 Be7 29. Rab1 c6 30. Qe6 Ka8 31. Nd3 1-0

[Event "XLV Torneo di Capodanno"]
[Site "Reggio nell'Emilia ITA"]
[Date "2002.12.29"]
[Round "1"]
[White "Romanishin, Oleg M."]
[Black "Iotti, Pierluigi"]
[Result "1-0"]
[WhiteElo "2562"]
[BlackElo "2314"]
[PlyCount "77"]
[EventDate "2002.12.29"]

1. d4 Nf6 2. Nf3 b6 3. g3 Bb7 4. c4 e6 5. Bg2 Be7 6. Nc3 Ne4 7. Bd2 O-O 8. d5
Nxc3 9. Bxc3 Bf6 10. Rc1 d6 11. O-O Bxc3 12. Rxc3 e5 13. e4 Nd7 14. Nd2 g6 15.
f4 Qe7 16. f5 g5 17. g4 Kg7 18. h4 h6 19. Rh3 f6 20. Nf3 Rf7 21. Kf2 a5 22.
Rfh1 Rg8 23. hxg5 hxg5 24. Ng1 Kf8 25. Ne2 Rgg7 26. Rh8+ Rg8 27. a3 Ba6 28. b3
Rfg7 29. R8h3 Rf7 30. Nc3 Ke8 31. Bf1 Rgg7 32. Rh8+ Rf8 33. b4 axb4 34. axb4
Kd8 35. Qa4 Bb7 36. Qa7 Kc8 37. c5 dxc5 38. Ba6 Bxa6 39. Qxa6+ 1-0

[Event "XLV Torneo di Capodanno"]
[Site "Reggio nell'Emilia ITA"]
[Date "2002.12.29"]
[Round "1"]
[White "Scalcione, Michelangelo"]
[Black "Chabanon, Jean-Luc"]
[Result "0-1"]
[WhiteElo "2366"]
[BlackElo "2481"]
[PlyCount "102"]
[EventDate "2002.12.29"]

1. Nf3 c5 2. c4 b6 3. g3 Bb7 4. Bg2 Nf6 5. O-O e6 6. Nc3 Be7 7. Re1 a6 8. e4 d6
9. d4 cxd4 10. Nxd4 Qc7 11. Nd5 exd5 12. exd5 Bc8 13. Qa4+ Bd7 14. Qa3 Kf8 15.
Bf4 Ne8 16. Re2 g5 17. Rae1 gxf4 18. Rxe7 Qd8 19. R7e4 Ra7 20. Rxf4 Rg8 21. Qf3
Rg7 22. h4 Bc8 23. Rfe4 Nc7 24. Qe3 f5 25. Rf4 Re7 26. Qd2 Rxe1+ 27. Qxe1 Ne8
28. Nxf5 Rf7 29. Qe4 Bxf5 30. Rxf5 Qe7 31. Rxf7+ Qxf7 32. Bh3 Nf6 33. Qe3 Nbd7
34. Qh6+ Ke7 35. Qe3+ Kf8 36. Be6 Qg6 37. Qf4 Qb1+ 38. Kg2 Ke7 39. Bxd7 Nxd7
40. Qg5+ Kf7 41. Qg4 Ne5 42. Qe6+ Kg7 43. Qe7+ Nf7 44. Qe2 Ne5 45. f4 Qd3 46.
Qe1 Qc2+ 47. Kh1 Nf7 48. Qb4 Qd1+ 49. Kh2 Qe2+ 50. Kh3 Qf1+ 51. Kh2 Nh6 0-1

[Event "XLV Torneo di Capodanno"]
[Site "Reggio nell'Emilia ITA"]
[Date "2002.12.29"]
[Round "1"]
[White "Tomescu, Vlad"]
[Black "Vezzosi, Paolo"]
[Result "1/2-1/2"]
[WhiteElo "2432"]
[BlackElo "2394"]
[PlyCount "65"]
[EventDate "2002.12.29"]

1. e4 c6 2. Nc3 d5 3. Nf3 Bg4 4. h3 Bxf3 5. Qxf3 e6 6. g3 Nd7 7. d4 Qb6 8. Qd3
dxe4 9. Nxe4 Ngf6 10. Bg2 Nxe4 11. Qxe4 Nf6 12. Qd3 Rd8 13. c3 Be7 14. Qe2 O-O
15. O-O a5 16. b3 Rd7 17. Bb2 a4 18. b4 Qb5 19. Qc2 Ra8 20. a3 Ne8 21. c4 Qh5
22. Rad1 Bf6 23. Rd2 Nd6 24. d5 cxd5 25. Bxf6 gxf6 26. cxd5 e5 27. Rc1 Rc8 28.
Qb1 Rdc7 29. Rdc2 Rxc2 30. Rxc2 Qf5 31. Rxc8+ Qxc8 32. Qd1 b5 33. Bf1 1/2-1/2

[Event "XLV Torneo di Capodanno"]
[Site "Reggio nell'Emilia ITA"]
[Date "2002.12.30"]
[Round "2"]
[White "Castaldo, Folco"]
[Black "Cebalo, Miso"]
[Result "1/2-1/2"]
[WhiteElo "2338"]
[BlackElo "2544"]
[PlyCount "86"]
[EventDate "2002.12.29"]

1. Nf3 c5 2. c4 Nc6 3. d4 cxd4 4. Nxd4 g6 5. e4 Bg7 6. Be3 Nf6 7. Nc3 O-O 8.
Be2 d6 9. O-O Nd7 10. Qd2 Nc5 11. Rfd1 Bd7 12. f3 a5 13. Ndb5 b6 14. Bg5 Ne6
15. Bh4 Ncd4 16. Nxd4 Bxd4+ 17. Kh1 f6 18. Nd5 g5 19. Bg3 Kh8 20. Bf1 Rb8 21.
Rac1 Rf7 22. Bf2 Bc5 23. b3 Bc6 24. Qb2 Bxf2 25. Qxf2 Nc5 26. Qe3 Qd7 27. Rd2
Qe6 28. Re1 Qe5 29. Nc3 Rg7 30. Qd4 g4 31. Qxe5 fxe5 32. fxg4 Rxg4 33. Be2 Nxe4
34. Bxg4 Nxd2 35. Be6 b5 36. Kg1 bxc4 37. Re2 Nxb3 38. Rb2 d5 39. Bxd5 Bxd5 40.
Nxd5 Rd8 41. axb3 Rxd5 42. bxc4 Rc5 43. Rb5 Rxc4 1/2-1/2

[Event "XLV Torneo di Capodanno"]
[Site "Reggio nell'Emilia ITA"]
[Date "2002.12.30"]
[Round "2"]
[White "Iotti, Pierluigi"]
[Black "Mrdja, Milan"]
[Result "0-1"]
[WhiteElo "2314"]
[BlackElo "2368"]
[PlyCount "80"]
[EventDate "2002.12.29"]

1. d4 Nf6 2. Nf3 g6 3. g3 Bg7 4. Bg2 O-O 5. O-O d6 6. c4 c6 7. Nc3 Qa5 8. h3
Be6 9. Nd2 d5 10. Nb3 Qd8 11. Nc5 dxc4 12. Nxe6 fxe6 13. e4 Nbd7 14. Be3 e5 15.
d5 cxd5 16. exd5 Ne8 17. h4 Nd6 18. h5 Qe8 19. Bf3 e4 20. Nxe4 Ne5 21. Nxd6
Nxf3+ 22. Qxf3 exd6 23. Qe2 Qe4 24. Rac1 b5 25. hxg6 hxg6 26. Qc2 Qg4 27. Rfe1
Rf3 28. Re2 Be5 29. a4 a6 30. Bb6 Raf8 31. Rxe5 dxe5 32. Rd1 e4 33. d6 e3 34.
Bxe3 Rxe3 35. fxe3 Rf3 36. Rd2 Rxg3+ 37. Rg2 Rxg2+ 38. Qxg2 Qxg2+ 39. Kxg2 Kf7
40. axb5 axb5 0-1

[Event "XLV Torneo di Capodanno"]
[Site "Reggio nell'Emilia ITA"]
[Date "2002.12.30"]
[Round "2"]
[White "Romanishin, Oleg M."]
[Black "Scalcione, Michelangelo"]
[Result "1-0"]
[WhiteElo "2562"]
[BlackElo "2366"]
[PlyCount "101"]
[EventDate "2002.12.29"]

1. d4 Nf6 2. Nf3 g6 3. g3 Bg7 4. Bg2 O-O 5. c4 d6 6. O-O c6 7. Nc3 Bf5 8. b3
Ne4 9. Bb2 Nxc3 10. Bxc3 Be4 11. Rc1 Nd7 12. e3 e6 13. Qe2 a5 14. Rfd1 d5 15.
Bf1 Bxf3 16. Qxf3 f5 17. Rb1 Nf6 18. Qe2 g5 19. Be1 g4 20. b4 axb4 21. Rxb4 Rf7
22. Rdb1 Ra7 23. a4 Ne4 24. h4 Bf6 25. Bg2 Rg7 26. Qd1 h5 27. c5 e5 28. dxe5
Bxe5 29. Bxe4 fxe4 30. Rxe4 Qf6 31. Reb4 Rf7 32. Qe2 Qe7 33. Qd3 Qf6 34. R4b3
Rxa4 35. Rxb7 Ra2 36. Rxf7 Qxf7 37. Qb3 d4 38. Qd3 dxe3 39. Qxe3 Qf5 40. Rd1
Ra8 41. Bc3 Bxc3 42. Qxc3 Rf8 43. Qe3 Kh7 44. Rd6 Rf6 45. Qd4 Kg6 46. Rxf6+
Qxf6 47. Qxf6+ Kxf6 48. f3 gxf3 49. Kf2 Ke5 50. Kxf3 Kf5 51. g4+ 1-0

[Event "XLV Torneo di Capodanno"]
[Site "Reggio nell'Emilia ITA"]
[Date "2002.12.30"]
[Round "2"]
[White "Vezzosi, Paolo"]
[Black "Palac, Mladen"]
[Result "0-1"]
[WhiteElo "2394"]
[BlackElo "2568"]
[PlyCount "66"]
[EventDate "2002.12.29"]

1. c4 Nf6 2. Nc3 e5 3. g3 d5 4. cxd5 Nxd5 5. Bg2 Nb6 6. Nf3 Nc6 7. d3 Be7 8.
O-O O-O 9. Be3 Re8 10. Qd2 Bg4 11. Rfc1 f5 12. a4 a5 13. Qd1 Bh5 14. Nb5 Bf7
15. Bh3 g6 16. Nd2 Nd5 17. Bc5 Bxc5 18. Rxc5 Ncb4 19. e4 c6 20. exd5 cxb5 21.
Rxb5 Bxd5 22. Bf1 Bc6 23. Rc5 Qd6 24. Rc3 Rad8 25. Qb3+ Kg7 26. Re1 h5 27. h4
e4 28. Nc4 Qd5 29. dxe4 Rxe4 30. Rxe4 Qxe4 31. f3 Qe1 32. Ne3 Rd2 33. Ng2 Qf2+
0-1

[Event "XLV Torneo di Capodanno"]
[Site "Reggio nell'Emilia ITA"]
[Date "2002.12.31"]
[Round "3"]
[White "Cebalo, Miso"]
[Black "Vezzosi, Paolo"]
[Result "1-0"]
[WhiteElo "2544"]
[BlackElo "2394"]
[PlyCount "93"]
[EventDate "2002.12.29"]

1. d4 Nf6 2. c4 e6 3. Nc3 d5 4. Bg5 c6 5. e3 Nbd7 6. cxd5 exd5 7. Bd3 Be7 8.
Qc2 Nf8 9. h3 Ne6 10. Bh4 g6 11. Nge2 Ng7 12. g4 h5 13. O-O-O Rg8 14. f3 Be6
15. Kb1 Qd7 16. Rc1 Rf8 17. Na4 Qc7 18. Nc5 Nd7 19. Bg3 Qc8 20. Nxe6 Nxe6 21.
Bxg6 h4 22. Bh2 Ng5 23. Bf5 Nxf3 24. Bf4 Ng5 25. Nc3 Qd8 26. e4 Nb6 27. Bxg5
Bxg5 28. Rhe1 Rg8 29. exd5+ Kf8 30. dxc6 Bxc1 31. Qxc1 bxc6 32. Qh6+ Rg7 33.
Ne4 Nd5 34. Qxc6 Ne7 35. Qc5 Qb6 36. Qc3 Rb8 37. Nc5 Qb4 38. Nd7+ Ke8 39. Nf6+
Kd8 40. Qxb4 Rxb4 41. Rxe7 Rxb2+ 42. Kxb2 Kxe7 43. Ne4 f6 44. d5 Rg8 45. d6+
Kf7 46. Kc3 Rb8 47. Nc5 1-0

[Event "XLV Torneo di Capodanno"]
[Site "Reggio nell'Emilia ITA"]
[Date "2002.12.31"]
[Round "3"]
[White "Mrdja, Milan"]
[Black "Castaldo, Folco"]
[Result "1/2-1/2"]
[WhiteElo "2368"]
[BlackElo "2338"]
[PlyCount "74"]
[EventDate "2002.12.29"]

1. e4 e6 2. d4 d5 3. Nc3 Nf6 4. Bg5 Bb4 5. e5 h6 6. Bd2 Bxc3 7. bxc3 Ne4 8. Qg4
g6 9. Bd3 Nxd2 10. Kxd2 c5 11. Nf3 Bd7 12. Qf4 Qe7 13. Qf6 Rg8 14. h4 c4 15.
Be2 Bc6 16. Qxe7+ Kxe7 17. h5 g5 18. Nh2 Nd7 19. Ng4 Rh8 20. Raf1 f5 21. exf6+
Nxf6 22. Bf3 Nxg4 23. Bxg4 Raf8 24. f3 Kd6 25. Re1 Rf6 26. Re5 Be8 27. Rhe1 Bf7
28. Rb1 Kc6 29. g3 Re8 30. Rf1 Kd6 31. Ke3 Bg8 32. f4 Ref8 33. Rf3 gxf4+ 34.
Rxf4 Rxf4 35. gxf4 Rf6 36. f5 exf5 37. Bxf5 Be6 1/2-1/2

[Event "XLV Torneo di Capodanno"]
[Site "Reggio nell'Emilia ITA"]
[Date "2002.12.31"]
[Round "3"]
[White "Palac, Mladen"]
[Black "Chabanon, Jean-Luc"]
[Result "1/2-1/2"]
[WhiteElo "2568"]
[BlackElo "2481"]
[PlyCount "35"]
[EventDate "2002.12.29"]

1. e4 d5 2. exd5 Qxd5 3. Nc3 Qa5 4. d4 Nf6 5. Bc4 Bg4 6. f3 Bf5 7. Nge2 e6 8.
Bd2 Qb6 9. g4 Bg6 10. h4 h6 11. Nf4 Nc6 12. Nxg6 fxg6 13. Na4 Qxd4 14. Qe2 Qe5
15. Bb5 Qxe2+ 16. Kxe2 O-O-O 17. Bxc6 bxc6 18. Be3 1/2-1/2

[Event "XLV Torneo di Capodanno"]
[Site "Reggio nell'Emilia ITA"]
[Date "2002.12.31"]
[Round "3"]
[White "Tomescu, Vlad"]
[Black "Romanishin, Oleg M."]
[Result "1/2-1/2"]
[WhiteElo "2432"]
[BlackElo "2562"]
[PlyCount "80"]
[EventDate "2002.12.29"]

1. e4 e5 2. Nf3 Nc6 3. Nc3 Nf6 4. d4 exd4 5. Nxd4 Bb4 6. Nxc6 bxc6 7. Bd3 d5 8.
exd5 cxd5 9. O-O O-O 10. Bg5 c6 11. Na4 h6 12. Bh4 Be6 13. c3 Be7 14. b4 Nd7
15. Bxe7 Qxe7 16. Re1 a5 17. a3 Qf6 18. Bc2 Bf5 19. Bxf5 Qxf5 20. Qd4 axb4 21.
axb4 Rfe8 22. Nc5 Nf8 23. Qd3 Rxe1+ 24. Rxe1 Qxd3 25. Nxd3 Ra3 26. Rc1 d4 27.
Kf1 Ne6 28. Ne5 Rxc3 29. Rxc3 dxc3 30. Ke2 c5 31. bxc5 Nxc5 32. Nd3 Ne6 33. Ne1
Nf4+ 34. Ke3 g5 35. g3 Ne6 36. Kd3 Nc5+ 37. Kd4 Na4 38. Kc4 Kg7 39. f3 Kf6 40.
Kb4 Nb6 1/2-1/2

[Event "XLV Torneo di Capodanno"]
[Site "Reggio nell'Emilia ITA"]
[Date "2003.01.01"]
[Round "4"]
[White "Chabanon, Jean-Luc"]
[Black "Cebalo, Miso"]
[Result "1/2-1/2"]
[WhiteElo "2481"]
[BlackElo "2544"]
[PlyCount "87"]
[EventDate "2002.12.29"]

1. d4 Nf6 2. c4 g6 3. Nc3 Bg7 4. Nf3 O-O 5. g3 d6 6. Bg2 c6 7. O-O Qa5 8. e4
Bg4 9. h3 Bxf3 10. Bxf3 Nbd7 11. Rb1 c5 12. d5 a6 13. a3 Qc7 14. Be2 Rfe8 15.
f4 e6 16. dxe6 Rxe6 17. Bf3 Rb8 18. g4 h6 19. h4 Nh7 20. Nd5 Qd8 21. g5 Re8 22.
b3 b5 23. cxb5 axb5 24. Bb2 hxg5 25. hxg5 Nb6 26. Ne3 d5 27. Bxg7 Kxg7 28. Nxd5
Nxd5 29. Qxd5 Qb6 30. Qd2 Rbd8 31. Qf2 Rd4 32. Rfc1 Red8 33. Rb2 f6 34. Rbc2
Qd6 35. gxf6+ Qxf6 36. Bg2 Nf8 37. Rxc5 Ne6 38. Rc6 Qxf4 39. Rf1 Qxf2+ 40. Rxf2
Rd1+ 41. Bf1 Nd4 42. Rc7+ Kh6 43. Kg2 Re1 44. a4 1/2-1/2

[Event "XLV Torneo di Capodanno"]
[Site "Reggio nell'Emilia ITA"]
[Date "2003.01.01"]
[Round "4"]
[White "Romanishin, Oleg M."]
[Black "Palac, Mladen"]
[Result "1/2-1/2"]
[WhiteElo "2562"]
[BlackElo "2568"]
[PlyCount "28"]
[EventDate "2002.12.29"]

1. Nf3 Nf6 2. c4 c5 3. g3 d5 4. cxd5 Nxd5 5. Bg2 Nc6 6. Nc3 Nc7 7. Qa4 Bd7 8.
Qe4 g6 9. Ne5 Bg7 10. Nxd7 Qxd7 11. O-O O-O 12. a3 Rab8 13. Rb1 Nd4 14. b4 b6
1/2-1/2

[Event "XLV Torneo di Capodanno"]
[Site "Reggio nell'Emilia ITA"]
[Date "2003.01.01"]
[Round "4"]
[White "Scalcione, Michelangelo"]
[Black "Tomescu, Vlad"]
[Result "0-1"]
[WhiteElo "2366"]
[BlackElo "2432"]
[PlyCount "124"]
[EventDate "2002.12.29"]

1. Nf3 Nc6 2. d4 d6 3. e4 Nf6 4. Nc3 Bg4 5. Be3 e6 6. Bb5 a6 7. Ba4 Nd7 8. h3
Bxf3 9. Qxf3 b5 10. Bb3 Na5 11. Ne2 Qf6 12. Qxf6 Nxf6 13. f3 d5 14. e5 Nd7 15.
c3 c5 16. f4 Nxb3 17. axb3 c4 18. bxc4 dxc4 19. d5 exd5 20. O-O-O O-O-O 21.
Rxd5 Nb8 22. Rxd8+ Kxd8 23. Rd1+ Kc7 24. Ng3 Nc6 25. Ne4 Be7 26. Bc5 Re8 27.
Bd6+ Bxd6 28. Nxd6 Rf8 29. Ne4 h6 30. Nc5 Nb8 31. Rd6 a5 32. Kd2 Nc6 33. Ke3
Rd8 34. Ne4 Rb8 35. Nc5 Rd8 36. Rxd8 Nxd8 37. Ne4 Kc6 38. Nd6 Kc5 39. g4 b4 40.
Nf5 bxc3 41. bxc3 Ne6 42. Ke4 a4 43. Ne3 a3 44. Nc2 a2 45. h4 Nc7 46. f5 Nd5
47. e6 fxe6 48. fxe6 Nxc3+ 49. Ke5 Nd5 50. g5 h5 51. Na1 Ne7 52. Nc2 Ng6+ 53.
Ke4 Kd6 54. Kd4 Nxh4 55. Kxc4 Nf3 56. Kb3 h4 57. Kxa2 h3 58. Ne3 Kxe6 59. Nf1
h2 60. Ng3 Nxg5 61. Kb2 Ne4 62. Nh1 Ke5 0-1

[Event "XLV Torneo di Capodanno"]
[Site "Reggio nell'Emilia ITA"]
[Date "2003.01.01"]
[Round "4"]
[White "Vezzosi, Paolo"]
[Black "Mrdja, Milan"]
[Result "1/2-1/2"]
[WhiteElo "2394"]
[BlackElo "2368"]
[PlyCount "90"]
[EventDate "2002.12.29"]

1. d4 c5 2. d5 Nf6 3. c4 g6 4. Nc3 Bg7 5. Nf3 O-O 6. e4 d6 7. Nd2 e6 8. Be2 Na6
9. O-O Re8 10. dxe6 Bxe6 11. f4 Nb4 12. a4 Bd7 13. Ra3 Bc6 14. f5 Qe7 15. fxg6
hxg6 16. Bf3 Qe5 17. Nd5 Bxd5 18. cxd5 Qd4+ 19. Kh1 Nd3 20. Nc4 Qxc4 21. Rxd3
Nxe4 22. b3 Qb4 23. Bxe4 Qxe4 24. Rdf3 f5 25. Rg3 Kf7 26. Re3 Qb4 27. Rf4 Qxf4
28. Rxe8 Qxc1 29. Re7+ Kxe7 30. Qxc1 Be5 31. g3 Kf7 32. Kg2 a6 33. Qd2 Rd8 34.
h4 Re8 35. h5 Rh8 36. hxg6+ Kxg6 37. Qa5 Rg8 38. Qc7 Rg7 39. Qc8 Kh6 40. Qh8+
Kg5 41. Kf3 Kf6 42. Qd8+ Kg6 43. a5 Kh7 44. Qh4+ Kg6 45. Qd8 Kh7 1/2-1/2

[Event "XLV Torneo di Capodanno"]
[Site "Reggio nell'Emilia ITA"]
[Date "2003.01.02"]
[Round "5"]
[White "Cebalo, Miso"]
[Black "Romanishin, Oleg M."]
[Result "1/2-1/2"]
[WhiteElo "2544"]
[BlackElo "2562"]
[PlyCount "43"]
[EventDate "2002.12.29"]

1. d4 Nf6 2. c4 e6 3. Nc3 Bb4 4. e3 b6 5. Nge2 c5 6. a3 Ba5 7. Rb1 Na6 8. Bd2
O-O 9. Ng3 d5 10. cxd5 cxd4 11. exd4 Bxc3 12. bxc3 Qxd5 13. Be2 Bb7 14. Bf3 Qd7
15. Bxb7 Qxb7 16. O-O Rac8 17. Qa4 Nb8 18. c4 Rfd8 19. Be3 Qd7 20. Qxd7 Nbxd7
21. Rfc1 Rc6 22. c5 1/2-1/2

[Event "XLV Torneo di Capodanno"]
[Site "Reggio nell'Emilia ITA"]
[Date "2003.01.02"]
[Round "5"]
[White "Mrdja, Milan"]
[Black "Chabanon, Jean-Luc"]
[Result "1/2-1/2"]
[WhiteElo "2368"]
[BlackElo "2481"]
[PlyCount "49"]
[EventDate "2002.12.29"]

1. e4 e6 2. d4 d5 3. Nc3 dxe4 4. Nxe4 Nd7 5. Bd3 Ngf6 6. Qe2 c5 7. Nxc5 Nxc5 8.
dxc5 Bxc5 9. Nf3 O-O 10. Bg5 h6 11. Bh4 Be7 12. O-O-O Nd5 13. Bg3 Qa5 14. Bc4
Nb6 15. Bb3 Bd7 16. Ne5 Ba4 17. Kb1 Bxb3 18. axb3 Nd5 19. c3 Bf6 20. Nd7 Rfd8
21. b4 Qa4 22. Rxd5 Rxd7 23. Rxd7 Qxd7 24. Rd1 Qc6 25. f3 1/2-1/2

[Event "XLV Torneo di Capodanno"]
[Site "Reggio nell'Emilia ITA"]
[Date "2003.01.02"]
[Round "5"]
[White "Palac, Mladen"]
[Black "Scalcione, Michelangelo"]
[Result "1-0"]
[WhiteElo "2568"]
[BlackElo "2366"]
[PlyCount "73"]
[EventDate "2002.12.29"]

1. e4 e5 2. Nf3 d6 3. d4 exd4 4. Nxd4 Nf6 5. Nc3 Be7 6. Be2 O-O 7. O-O Re8 8.
Re1 Bf8 9. Bf1 c5 10. Nb3 Bd7 11. Bf4 Bc6 12. f3 Qb6 13. a4 Na6 14. a5 Qd8 15.
Bxa6 bxa6 16. Qd3 Bb7 17. Bg5 Qe7 18. Nd2 Qe6 19. Nc4 Nd7 20. f4 f6 21. Bh4
Rad8 22. Rad1 Nb8 23. Nd5 Qf7 24. c3 Nc6 25. Bg3 f5 26. exf5 Rxe1+ 27. Bxe1 Nd4
28. Nde3 Nc6 29. Bh4 Rd7 30. Ne5 Nxe5 31. fxe5 Qh5 32. e6 Rc7 33. Bd8 c4 34.
Qd4 Rc5 35. e7 Bxe7 36. Bxe7 Re5 37. Qxd6 1-0

[Event "XLV Torneo di Capodanno"]
[Site "Reggio nell'Emilia ITA"]
[Date "2003.01.03"]
[Round "6"]
[White "Chabanon, Jean-Luc"]
[Black "Castaldo, Folco"]
[Result "1-0"]
[WhiteElo "2481"]
[BlackElo "2338"]
[PlyCount "51"]
[EventDate "2002.12.29"]

1. d4 Nf6 2. c4 e6 3. Nf3 d5 4. g3 c6 5. Bg2 Nbd7 6. O-O dxc4 7. a4 Bd6 8. Na3
Bxa3 9. Rxa3 b5 10. axb5 cxb5 11. Ng5 Nd5 12. e4 Ne7 13. e5 Rb8 14. Qh5 g6 15.
Qf3 O-O 16. g4 Kg7 17. Qh3 h6 18. Nh7 Ng8 19. Nxf8 Nxf8 20. Rxa7 Qxd4 21. Qe3
Qxg4 22. h3 Qf5 23. Rd1 g5 24. Rd8 Ng6 25. Be4 Qxe5 26. Rxf7+ 1-0

[Event "XLV Torneo di Capodanno"]
[Site "Reggio nell'Emilia ITA"]
[Date "2003.01.03"]
[Round "6"]
[White "Iotti, Pierluigi"]
[Black "Vezzosi, Paolo"]
[Result "1/2-1/2"]
[WhiteElo "2314"]
[BlackElo "2394"]
[PlyCount "35"]
[EventDate "2002.12.29"]

1. d4 d5 2. c4 e6 3. Nf3 Nf6 4. Nc3 Nbd7 5. cxd5 exd5 6. Bg5 c6 7. e3 Be7 8.
Qc2 Nf8 9. Bd3 Ne6 10. Bh4 g6 11. O-O Ng7 12. Rab1 Bf5 13. b4 a6 14. Rfc1 O-O
15. a4 Bxd3 16. Qxd3 Nf5 17. Bg5 Nd6 18. b5 1/2-1/2

[Event "XLV Torneo di Capodanno"]
[Site "Reggio nell'Emilia ITA"]
[Date "2003.01.03"]
[Round "6"]
[White "Romanishin, Oleg M."]
[Black "Mrdja, Milan"]
[Result "1/2-1/2"]
[WhiteElo "2562"]
[BlackElo "2368"]
[PlyCount "46"]
[EventDate "2002.12.29"]

1. d4 Nf6 2. Nf3 g6 3. g3 Bg7 4. Bg2 d5 5. c4 dxc4 6. Qa4+ Nfd7 7. Nbd2 c5 8.
dxc5 Nc6 9. Nxc4 Nxc5 10. Qa3 Na6 11. Bd2 Qd5 12. Bc3 O-O 13. Bxg7 Kxg7 14.
Qc3+ f6 15. O-O Qc5 16. Rac1 Be6 17. a3 Rac8 18. b4 Ncxb4 19. axb4 Qxc4 20. Qe3
Qb3 21. Qxb3 Bxb3 22. Nd4 Bf7 23. Rxc8 Rxc8 1/2-1/2

[Event "XLV Torneo di Capodanno"]
[Site "Reggio nell'Emilia ITA"]
[Date "2003.01.03"]
[Round "6"]
[White "Scalcione, Michelangelo"]
[Black "Cebalo, Miso"]
[Result "0-1"]
[WhiteElo "2366"]
[BlackElo "2544"]
[PlyCount "166"]
[EventDate "2002.12.29"]

1. Nf3 Nf6 2. c4 g6 3. Nc3 Bg7 4. e4 d6 5. d4 O-O 6. Be2 Bg4 7. Be3 Nfd7 8. Ng1
Bxe2 9. Ngxe2 c5 10. d5 a6 11. f4 b5 12. O-O Nb6 13. cxb5 axb5 14. Nxb5 Bxb2
15. f5 N8d7 16. Bh6 Bxa1 17. Qxa1 Ne5 18. Bxf8 Qxf8 19. Nec3 Qh6 20. Qe1 Nbc4
21. Qg3 Na3 22. f6 Nxb5 23. Nxb5 exf6 24. Nxd6 Qg5 25. Qf2 Ng4 26. Qf4 Rxa2 27.
h3 Ne5 28. Qxg5 fxg5 29. Rc1 g4 30. hxg4 Nxg4 31. g3 Ra3 32. Kg2 Ra5 33. Nb7
Ra2+ 34. Kg1 Ra3 35. Kg2 c4 36. d6 Rd3 37. Ra1 c3 38. Ra8+ Kg7 39. Rc8 h5 40.
Rxc3 Rxc3 41. d7 Rc2+ 42. Kf1 Rd2 43. d8=Q Nh2+ 44. Kg1 Nf3+ 45. Kf1 Rxd8 46.
Nxd8 Nd2+ 47. Kg2 Nxe4 48. Kf3 Ng5+ 49. Kg2 Kf6 50. Nc6 Kf5 51. Nb4 Ke4 52. Kf2
Nf3 53. Nc2 Ne5 54. Kg2 g5 55. Na3 f5 56. Nb5 Nc4 57. Nc3+ Ke5 58. Kf3 g4+ 59.
Kf2 f4 60. Ne2 f3 61. Nf4 Nd6 62. Nxh5 Ne4+ 63. Ke3 Nf6 64. Ng7 Nd5+ 65. Kf2
Nc7 66. Ke3 Ne6 67. Ne8 Nd4 68. Nc7 Nf5+ 69. Kf2 Nd6 70. Na6 Ne4+ 71. Ke3 Nxg3
72. Nc5 Nf5+ 73. Kf2 Nd6 74. Ke3 Nc4+ 75. Kf2 Kf5 76. Nd3 Ne5 77. Nc5 Nc4 78.
Nd3 Kg5 79. Kg3 Nd6 80. Kf2 Kh4 81. Nf4 Ne4+ 82. Kg1 g3 83. Nd3 Nd2 0-1

[Event "XLV Torneo di Capodanno"]
[Site "Reggio nell'Emilia ITA"]
[Date "2003.01.03"]
[Round "6"]
[White "Tomescu, Vlad"]
[Black "Palac, Mladen"]
[Result "1/2-1/2"]
[WhiteElo "2432"]
[BlackElo "2568"]
[PlyCount "38"]
[EventDate "2002.12.29"]

1. d4 Nf6 2. c4 g6 3. Nc3 d5 4. Nf3 Bg7 5. cxd5 Nxd5 6. e4 Nxc3 7. bxc3 c5 8.
Be3 Qa5 9. Qd2 O-O 10. Rc1 Rd8 11. d5 e6 12. c4 Qxd2+ 13. Nxd2 b6 14. Be2 Na6
15. Nb1 f5 16. exf5 exd5 17. fxg6 hxg6 18. O-O Bf5 19. g4 Be4 1/2-1/2

[Event "XLV Torneo di Capodanno"]
[Site "Reggio nell'Emilia ITA"]
[Date "2003.01.04"]
[Round "7"]
[White "Castaldo, Folco"]
[Black "Romanishin, Oleg M."]
[Result "1/2-1/2"]
[WhiteElo "2338"]
[BlackElo "2562"]
[PlyCount "52"]
[EventDate "2002.12.29"]

1. Nf3 d5 2. d4 Nf6 3. c4 dxc4 4. Nc3 c6 5. a4 Bg4 6. Ne5 Bh5 7. Nxc4 e6 8. g3
Bb4 9. Bg2 Nd5 10. Qb3 a5 11. O-O O-O 12. e4 Nf6 13. e5 Nd5 14. Ne4 Na6 15. Bg5
Qd7 16. Bf3 Bg6 17. Rfd1 b6 18. Rac1 Rab8 19. Ne3 Rfc8 20. Ng4 Nac7 21. h4 h5
22. Ne3 Nxe3 23. Qxe3 b5 24. axb5 Nxb5 25. Nc5 Qa7 26. Kg2 a4 1/2-1/2

[Event "XLV Torneo di Capodanno"]
[Site "Reggio nell'Emilia ITA"]
[Date "2003.01.04"]
[Round "7"]
[White "Cebalo, Miso"]
[Black "Tomescu, Vlad"]
[Result "1/2-1/2"]
[WhiteElo "2544"]
[BlackElo "2432"]
[PlyCount "90"]
[EventDate "2002.12.29"]

1. d4 Nf6 2. c4 g6 3. Nc3 d5 4. Nf3 Bg7 5. cxd5 Nxd5 6. e4 Nxc3 7. bxc3 c5 8.
Rb1 O-O 9. Be2 b6 10. O-O Bb7 11. Qd3 Ba6 12. Qe3 Qc8 13. d5 e6 14. c4 Re8 15.
Bb2 Nd7 16. Bxg7 Kxg7 17. Qc3+ f6 18. Bd3 exd5 19. exd5 Ne5 20. Nxe5 Rxe5 21.
f4 Re3 22. Rbe1 Rxe1 23. Rxe1 Qf8 24. Qa3 Re8 25. Rxe8 Qxe8 26. Kf2 Qc8 27. Be2
Kf7 28. h3 h5 29. h4 Ke7 30. Qg3 Kf7 31. Qa3 Ke7 32. Qe3+ Kf7 33. Bd3 Qc7 34.
d6 Qd7 35. Qe4 f5 36. Qe5 Qe6 37. Ke3 Bc8 38. a3 Ke8 39. Be2 Kd7 40. Bf3 Qxd6
41. Bd5 Qe7 42. g3 a6 43. Qxe7+ Kxe7 44. Kd3 b5 45. a4 bxa4 1/2-1/2